Britská nemocnica

Bibliographic Details
Main Author: Foll, Jan (Author)
Format: Article
Language:Slovak
PhysicalDescription:Obr. 7.
Subjects:

MARC

LEADER 00000nab a2200000 a 4500
001 vtls000167618
003 SK-MaSNL
005 20260304063418.0
008 250422c1983 xo 0 slo
015 |a SNBRB19rr/mm-uuuuu 
035 |a CL0177729 
035 |a urn:nbn:sk:snk-abdm02 
035 |a (urnnbn)urn:nbn:sk:snk:ar-001nmu 
035 |a (uuid)3193f569-e31c-4699-8e78-d6f37dfe9c1b 
040 |a SNKBUCL  |b slo  |c SNKBUCL  |e AACR2 
041 0 |a slo 
044 |a xo  |c SK 
080 |a 791.43  |2 1981 
100 1 |a Foll, Jan  |4 aut  |9 1347032 
245 1 0 |a Britská nemocnica  |c Jan Foll 
300 |b Obr. 7. 
630 0 7 |a Britská nemocnica (film)  |2 snkbucl  |9 1349821 
650 0 7 |a britské filmy  |2 snkbucl  |9 965041 
655 7 |a recenzie  |2 snkbucl  |9 21907 
655 7 |a články z novín a časopisov  |2 snkbucl  |9 267496 
773 0 |t Film a divadlo  |g Roč. 27, č. 22 (1983), s. 32-33 
850 |a Slovenská národná knižnica 
852 |a Slovenská národná knižnica 
954 |a odborná, vedecká literatúra pôvodná (slovenská)  |2 lita 
958 |a article19 
958 |a OND 
958 |a RK 
958 |a EUIPO 
992 |a RBX 
999 |c 2742467  |d 2744397